| 000 | 01270cam a22003374a 4500 | ||
|---|---|---|---|
| 999 |
_c9676 _d9676 |
||
| 001 | 14077335 | ||
| 003 | GBCCL | ||
| 005 | 20241126110716.0 | ||
| 008 | 050817s2006 ilu b 001 0 eng | ||
| 010 | _a 2005023918 | ||
| 020 | _a1581347634 | ||
| 020 | _a9781433535499 (hdbd) | ||
| 035 | _a(OCoLC)ocm61445757 | ||
| 040 |
_aDLC _cDLC _dDLC |
||
| 042 | _apcc | ||
| 050 | 0 | 0 |
_aBS2675.53 _b.H84 2006 |
| 082 | 0 | 0 |
_a220.7 _a227/.307 _222 _bPRE |
| 100 | 1 |
_aHughes, R. Kent, _d1942- _9917 |
|
| 245 | 1 | 0 |
_a2 Corinthians : _bpower in weakness / _cR. Kent Hughes. |
| 246 | 3 | _aSecond Corinthians | |
| 260 |
_aWheaton, Ill. : _bCrossway Books, _cc2006. |
||
| 300 |
_a271 p. ; _c24 cm. |
||
| 440 | 0 |
_aPreaching the Word _916818 |
|
| 504 | _aIncludes bibliographical references (p. [239]-256) and indexes. | ||
| 630 | 0 | 0 |
_aBible. _pCorinthians, 2nd _vCommentaries. _912478 |
| 856 | 4 | 1 |
_3Table of contents _uhttp://www.loc.gov/catdir/toc/ecip0518/2005023918.html |
| 856 | 4 | 2 |
_3Publisher description _uhttp://www.loc.gov/catdir/enhancements/fy0912/2005023918-d.html |
| 906 |
_a7 _bcbc _corignew _d1 _eecip _f20 _gy-gencatlg |
||
| 942 |
_2ddc _cREF |
||